| 000 | 00557nam a22001697a 4500 | ||
|---|---|---|---|
| 008 | 160211b xxu||||| |||| 00| 0 eng d | ||
| 020 | _a9789712366468 | ||
| 082 |
_22013 _aDFil 371.262 _bB86a |
||
| 100 |
_92757 _aBuendicho, Flordeliza C. |
||
| 245 |
_aAssessment of student learning 1/ _cFlordeliza C. Buendicho |
||
| 260 |
_aManila, Philippines: _bRex Book Store, _cc2013. |
||
| 300 |
_aviii, 164 pages: _billustration; _c25.5 cm. |
||
| 521 | _aIncludes index. | ||
| 650 | 0 |
_92788 _aEducation _xAssessment test. |
|
| 365 |
_b508.75 _cPhp |
||
| 942 |
_2ddc _cDFIL |
||
| 999 |
_c1040 _d1040 |
||